000 00671nam a2200205 a 4500
001 000040330
005 20201002034049.0
008 130821s2005 mx 000 0 spa d
020 _a9703220320
040 _aDO-SdBNP
_bspa
_cBNPHU
100 1 _aYáñez, Agustín,
_d1904-1980
_924436
245 1 3 _aEsta es mala suerte /
_cAgustín Yañez ; Viñetas de Alberto Beltrán.
260 _aMéxico :
_bUniversidad Nacional Autónoma de México,
_c2005.
300 _a30 p. ;
_c21 cm.
490 1 _aLunes
_v10
533 _aFacsímil:
_bMéxico
_d1945
700 1 _aBeltrán Alberto
_966625
712 0 _aUniversidad Nacional Autónoma de México
830 0 _aLunes
_v10
_966616
999 _c39820
_d39820